Matematická analýza spotrebných úverov na Slovensku bakalárska práca

Gespeichert in:
Bibliographische Detailangaben
1. Verfasser: Madunická, Gabriela
Körperschaft: Fakulta hospodárskej informatiky EU. Katedra matematiky a aktuárstva
Weitere Verfasser: Zelinová, Silvia, 1987-
Format: Buch
Sprache:Slowakisch
Veröffentlicht: Bratislava 2025
Tags: Tag hinzufügen
Keine Tags, Fügen Sie das erste Tag hinzu!

MARC

LEADER 00000nbm a2200000 4500
001 0310437
005 20251124092646.6
041 0 |a slo 
044 |a SK 
245 1 0 |a Matematická analýza spotrebných úverov na Slovensku  |b bakalárska práca  |c Gabriela Madunická ; školiteľ: Silvia Zelinová 
264 1 |a Bratislava  |c 2025 
300 |a 49 s. 
100 1 |a Madunická, Gabriela 
700 1 |a Zelinová, Silvia, 1987- 
710 2 |a Fakulta hospodárskej informatiky EU. Katedra matematiky a aktuárstva